Molecular basis of virology
Saved in:
| Hovedforfatter: | |
|---|---|
| Format: | Bog |
| Sprog: | engelsk |
| Udgivet: |
New York, USA
Reinhold Book
1968
|
| Serier: | ACS Monograph
|
| Fag: | |
| Tags: |
Tilføj Tag
Ingen Tags, Vær først til at tagge denne postø!
|
MARC
| LEADER | 00000nam a2200000 a 4500 | ||
|---|---|---|---|
| 001 | UCT5173 | ||
| 003 | CL-VaPUC | ||
| 005 | 20250424171449.0 | ||
| 008 | 961205e19680000US |||||||||||||||||eng|d | ||
| 999 | |c 254173 |d 254171 | ||
| 040 | |c Pontificia Universidad Católica de Valparaíso | ||
| 082 | 0 | 4 | |a 576.64 FRA 1968 |2 21 |
| 100 | 0 | |a Fraenkel-Conrat, Heinz |9 374482 | |
| 245 | 1 | 0 | |a Molecular basis of virology |
| 260 | 0 | 3 | |a New York, USA |b Reinhold Book |c 1968 |
| 300 | |a 642 páginas | ||
| 490 | 0 | |a ACS Monograph | |
| 583 | |a last modification |c 19961205 00:00:00 |k Rodrigo Vera | ||
| 650 | 0 | |a Virología |9 327250 | |
| 650 | 0 | |a Bacteriología |9 259330 | |
| 650 | 0 | |a Organismos vivos |9 264556 | |
| 650 | 0 | |a Bacterias |9 298237 | |
| 650 | 7 | |a FENOMENOS BIOQUIMICOS |2 CL-VaPUC |9 360969 | |
| 650 | 7 | |a BACTERIOFAGO |2 CL-VaPUC |9 370268 | |
| 650 | 0 | |a Ácidos nucleicos |9 348842 | |
| 650 | 7 | |a BIOSINTESIS |2 CL-VaPUC |9 269567 | |
| 650 | 0 | |a Bioquímica |9 259492 | |
| 942 | |c BK |2 ddc | ||
| 945 | |d 19961205 00:00:00 |a cmena | ||
| 952 | |0 0 |1 0 |2 ddc |4 0 |6 576_640000000000000_FRA_1968 |7 0 |8 A |9 275638 |a BIBCUR |b BIBCUR |d 2019-11-19 |i 1793276 |o 576.64 FRA 1968 |p 1793276 |r 2025-04-22 |t 1 |w 2019-11-19 |y BK |k BIO | ||